مكتبة جامعة عجلون الوطنية

فهرس بحث المكتبة

Normal view MARC view
  • الاداب المترجم- اللغات

Entry Topical Term

Number of records used in: 1

001 - CONTROL NUMBER

  • control field: 48485

003 - CONTROL NUMBER IDENTIFIER

  • control field: JO-AjAnu

005 - DATE AND TIME OF LATEST TRANSACTION

  • control field: 20230606082009.0

008 - FIXED-LENGTH DATA ELEMENTS

  • fixed length control field: 230606|| aca||aabn | a|a d

040 ## - CATALOGING SOURCE

  • Original cataloging agency: JO-AjAnu
  • Transcribing agency: JO-AjAnu

150 ## - HEADING--TOPICAL TERM

  • Topical term or geographic name entry element: الاداب المترجم- اللغات

670 ## - SOURCE DATA FOUND

  • Source citation: Work cat.: (JO-AjAnu)24804: تأيف جامعة الزرقاء الاهلية، م.مشارك جمعية المترجمين الأردنيين؛ تحرير سليمان العباس, author 48484, الترجمة نافذتنا على العالم: جامعة الزرقاء الأهلية كلية الاداب بحوث المؤتمر الثالث كلية الآداب